000 00574nam a22002057a 4500
005 20251108174858.0
008 250721s1986 xx 000 0 ara d
082 1 4 _aط/629.22/غرا
100 1 _aغراهام, ايان
245 1 0 _aالشاحنات /
264 1 _aلبنان :
_bدار المجاني،
_c1986.
300 _a31ص.
490 0 _aكيف تعمل
650 1 7 _aالشاحنات
650 1 7 _aالمواصلات
653 _aناشئون كبار (15-18)سنة
700 1 _aشقرا, جان
_eمترجم
942 _2ddc
_cBK
999 _c120440
_d120440